| 000 | 01268nam2a2200265 4500 | ||
|---|---|---|---|
| 001 | RU\NLR\bibl\18687 | ||
| 005 | 20250615014150.0 | ||
| 021 |
_aRU _b99-182 _910 |
||
| 035 | _a(NLR Aleph) 000018250 | ||
| 090 |
_a80269 _c80269 |
||
| 100 | _a19990329d1998 |||y0rusy50 ca | ||
| 101 | 1 |
_arus _aeng _ceng |
|
| 102 | _aRU | ||
| 105 | _a||||||||||||| | ||
| 200 | 1 |
_aРазвитие управленческой компетенции _fПодгот. для курса Г. Салиманом и Д. Батслером при участии С. Пирс |
|
| 210 |
_d1998 _aБ. м. |
||
| 215 |
_a53 с. _cил. |
||
| 320 | _aБиблиогр.: с. 52 | ||
| 461 | 0 |
_1001RU\NLR\bibl\19254 _12001#$aУправление развитием и изменением$vКн. 4 _983372 _cЖуковский (Моск. обл.) _d1998 _e2-е изд.] _fThe Open University, Business School, Междунар. ин-т менеджмента ЛИНК _nИзд-во МИМ ЛИНК _oBZR751 : [Для студентов экон. спец. : Адапт. рус. пер. _tУправление развитием и изменением _vКн. 4 |
|
| 801 | 0 |
_aRU _bNLR _c19990329 _gPSBO |
|
| 801 | 1 |
_aRU _bNLR _c19990329 |
|
| 852 |
_aNLR _j99-8/104 |
||
| 942 | _cBOOK | ||
| 980 | _aNB | ||